000 00554cam a2200217ua 4500
001 4315
008 111223n ii |||gr||||Z||||||eng
020 _a81-237-3677-0
040 _cMAIN
082 _a305.4
100 1 _aDesai, Neera,
245 1 1 _aWomen in indian society
_cby Neera Desai
250 _a1st.
260 _aNew Delhi:
_bNational book trust,
_c2005.
300 _a221p:
_c23cm.
653 _aSocial group of women
653 _aWomen in indian society
653 _aWomen in indian society
700 1 _aThakkar, Usha,
942 _cBK
999 _c4134
_d4134